header

National identity and political thought in Germany (Record no. 8858)

MARC details
000 -LEADER
fixed length control field 01790nam a2200397Ia 4500
001 - CONTROL NUMBER
control field ebr10269099
003 - CONTROL NUMBER IDENTIFIER
control field CaPaEBR
006 - FIXED-LENGTH DATA ELEMENTS--ADDITIONAL MATERIAL CHARACTERISTICS--GENERAL INFORMATION
fixed length control field m u
007 - PHYSICAL DESCRIPTION FIXED FIELD--GENERAL INFORMATION
fixed length control field cr cn|||||||||
008 - FIXED-LENGTH DATA ELEMENTS--GENERAL INFORMATION
fixed length control field 000215s2000 enk sb 001 0 eng d
010 ## - LIBRARY OF CONGRESS CONTROL NUMBER
Canceled/invalid LC control number 00024416
020 ## - INTERNATIONAL STANDARD BOOK NUMBER
Cancelled/invalid ISBN 0198208588 (alk. paper)
Cancelled/invalid ISBN 9780198208587
040 ## - CATALOGING SOURCE
Original cataloging agency CaPaEBR
Transcribing agency CaPaEBR
035 ## - SYSTEM CONTROL NUMBER
System control number (OCoLC)252554781
050 14 - LIBRARY OF CONGRESS CALL NUMBER
Classification number DD120.F8
Item number H48 2000eb
100 1# - MAIN ENTRY--PERSONAL NAME
Personal name Hewitson, Mark.
245 10 - TITLE STATEMENT
Title National identity and political thought in Germany
Medium [electronic resource] :
Remainder of title Wilhelmine depictions of the French Third Republic, 1890-1914 /
Statement of responsibility, etc Mark Hewitson.
260 ## - PUBLICATION, DISTRIBUTION, ETC. (IMPRINT)
Place of publication, distribution, etc Oxford [England] :
Name of publisher, distributor, etc Clarendon Press ;
Place of publication, distribution, etc Oxford [England] ;
-- New York :
Name of publisher, distributor, etc Oxford University Press,
Date of publication, distribution, etc 2000.
300 ## - PHYSICAL DESCRIPTION
Extent x, 288 p.
490 1# - SERIES STATEMENT
Series statement Oxford historical monographs
504 ## - BIBLIOGRAPHY, ETC. NOTE
Bibliography, etc Includes bibliographical references (p. [260]-283) and index.
533 ## - REPRODUCTION NOTE
Type of reproduction Electronic reproduction.
Place of reproduction Palo Alto, Calif. :
Agency responsible for reproduction ebrary,
Date of reproduction 2011.
Note about reproduction Available via World Wide Web.
-- Access may be limited to ebrary affiliated libraries.
650 #0 - SUBJECT ADDED ENTRY--TOPICAL TERM
Topical term or geographic name as entry element Nationalism
Geographic subdivision France
General subdivision History
Chronological subdivision 19th century.
Topical term or geographic name as entry element Nationalism
Geographic subdivision Germany
General subdivision History
Chronological subdivision 19th century.
Topical term or geographic name as entry element Public opinion
Geographic subdivision Germany
General subdivision History
Chronological subdivision 19th century.
651 #0 - SUBJECT ADDED ENTRY--GEOGRAPHIC NAME
Geographic name France
General subdivision Foreign public opinion, German
-- History
Chronological subdivision 19th century.
Geographic name France
General subdivision Foreign relations
Geographic subdivision Germany.
Geographic name France
General subdivision Politics and government
Chronological subdivision 1870-1940.
Geographic name Germany
General subdivision Foreign relations
Geographic subdivision France.
Geographic name Germany
General subdivision Politics and government
Chronological subdivision 1871-1918.
655 #7 - INDEX TERM--GENRE/FORM
Genre/form data or focus term Electronic books.
Source of term local
710 2# - ADDED ENTRY--CORPORATE NAME
Corporate name or jurisdiction name as entry element ebrary, Inc.
830 #0 - SERIES ADDED ENTRY--UNIFORM TITLE
Uniform title Oxford historical monographs.
856 40 - ELECTRONIC LOCATION AND ACCESS
Uniform Resource Identifier <a href="http://site.ebrary.com/lib/rucke/Doc?id=10269099">http://site.ebrary.com/lib/rucke/Doc?id=10269099</a>
Public note An electronic book accessible through the World Wide Web; click to view

No items available.

© 2026 Rongo University
Contact us: librarian | system librarian | Rongo university